| 000 | 00611nam a22002057a 4500 | ||
|---|---|---|---|
| 999 |
_c17909 _d17909 |
||
| 003 | AR-CdUCM | ||
| 008 | 190510b ||||| |||| 00| 0 spa d | ||
| 040 |
_aMUNICIPALIDAD PROVINCIAL DEL CUSCO _cBIBLIOTECA MUNICIPAL DEL CUSCO |
||
| 082 |
_a869.56 / _bC27 |
||
| 100 |
_aCarrillo, Luz Carrillo _938149 |
||
| 245 | _aTierra de todos / | ||
| 260 |
_aPerú : _bPoesía, _c1989. |
||
| 300 |
_a80 páginas ; _c17 cm. |
||
| 505 | _aContenido: Poesía peruana. | ||
| 650 |
_aPoesía peruana _9806 |
||
| 650 |
_aPoemas _9929 |
||
| 650 |
_aLiteratura peruana _9169 |
||
| 942 |
_2ddc _cLIBROS |
||
| 945 |
_adavv _d2019-05-10 |
||